000 00386nam a22001697a 4500
003 CEME
005 20210628203038.0
008 210129b xxu||||| |||| 00| 0 eng d
020 _a9789693520637
040 _c.
082 _a891.4393 QAS
100 _aAhmed Nadeem Qasmi
_99434
245 _aBagoolay
260 _aLAHORE
_bSANG-E-MEEL
_c2007
300 _a223P
942 _cBK
_2ddc
999 _c571955
_d571955